书目信息 |
| 题名: |
结构混凝土耐久性及其提升技术
|
|
| 作者: | 孙伟 , 缪昌文 , 吉林 编著 | |
| 分册: | ||
| 出版信息: | 北京 人民交通出版社 2011.05 |
|
| 页数: | 209页 | |
| 开本: | 26cm | |
| 丛书名: | ||
| 单 册: | ||
| 中图分类: | TU37 | |
| 科图分类: | ||
| 主题词: | 结构混凝土--耐用性--研究 | |
| 电子资源: | ||
| ISBN: | 978-7-114-09002-8 | |
| 000 | 00881nam0 2200253 450 | |
| 001 | 297377 | |
| 005 | 20110901095943.40 | |
| 010 | @a978-7-114-09002-8@dCNY48.00 | |
| 100 | @a20110810d2011 em y0chiy50 ea | |
| 101 | 0 | @achi |
| 102 | @aCN@b110000 | |
| 106 | @ar | |
| 200 | 1 | @a结构混凝土耐久性及其提升技术@Ajie gou hun ning tu nai jiu xing ji qi ti sheng ji shu@f吉林, 缪昌文, 孙伟编著 |
| 210 | @a北京@c人民交通出版社@d2011.05 | |
| 215 | @a209页@c图@d26cm | |
| 330 | @a本书以结构混凝土耐久性能提升为研究主线,分析混凝土耐久性影响因素及微结构损伤劣化机理,总结混凝土损伤劣化规律,建立混凝土耐久性预测模型,最终形成结构混凝土耐久性提升技术。 | |
| 586 | @a | |
| 606 | 0 | @a结构混凝土@x耐用性@x研究 |
| 690 | @aTU37@v5 | |
| 701 | 0 | @a孙伟@Asun wei@4编著 |
| 701 | 0 | @a缪昌文@Amiu chang wen@4编著 |
| 701 | 0 | @a吉林@Aji lin@4编著 |
| 801 | 0 | @aCN@c20110610 |
| 905 | @dTU37@eJ065 | |
| 结构混凝土耐久性及其提升技术/吉林, 缪昌文, 孙伟编著.-北京:人民交通出版社,2011.05 |
| 209页:图;26cm |
| ISBN 978-7-114-09002-8:CNY48.00 |
| 本书以结构混凝土耐久性能提升为研究主线,分析混凝土耐久性影响因素及微结构损伤劣化机理,总结混凝土损伤劣化规律,建立混凝土耐久性预测模型,最终形成结构混凝土耐久性提升技术。 |
| ● |
| 相关链接 |
|
|
|
正题名:结构混凝土耐久性及其提升技术
索取号:TU37/J065
 
预约/预借
| 序号 | 登录号 | 条形码 | 馆藏地/架位号 | 状态 | 备注 |
| 1 | 1015018 | 210150183 | 建筑库101/101建筑库 85排1列3层/ [索取号:TU37/J065] | 在馆 | |
| 2 | 1015019 | 210150192 | 土木与交通工程学院资料室/土木与交通学院资料室 1排1列1层/ [索取号:TU37/J065] | 在馆 | |
| 3 | 1015020 | 210150209 | 建筑库101/101建筑库 85排1列3层/ [索取号:TU37/J065] | 在馆 | |
| 4 | 1015021 | 210150218 | 建筑库101/101建筑库 85排1列3层/ [索取号:TU37/J065] | 在馆 | |
| 5 | 1015022 | 210150227 | 土木与交通工程学院资料室/土木与交通学院资料室 1排1列1层/ [索取号:TU37/J065] | 在馆 |